Library of the University of Algiers 3
Ibrahim Sultan Cheibout
شعار جامعة الجزائر 3
مكتبة جامعة الجزائر 3
إبراهيم سلطان شيبوط

دراسات إدارية معاصرة (رقم التسجيلة. 13468)

تفاصيل مارك
000 -LEADER
fixed length control field 00562nam a2200205Ia 4500
003 - CONTROL NUMBER IDENTIFIER
control field IEPS
005 - DATE AND TIME OF LATEST TRANSACTION
control field 20250703135322.0
008 - FIXED-LENGTH DATA ELEMENTS--GENERAL INFORMATION
fixed length control field 250223s9999||||xx |||||||||||||| ||und||
020 ## - INTERNATIONAL STANDARD BOOK NUMBER
International Standard Book Number 9789957064976
040 ## - CATALOGING SOURCE
-- IEPS
041 ## - LANGUAGE CODE
Language code of text/sound track or separate title ara
082 ## - DEWEY DECIMAL CLASSIFICATION NUMBER
Classification number 658
100 ## - MAIN ENTRY--PERSONAL NAME
Personal name السكارنة بلال خلف
245 #0 - TITLE STATEMENT
Title دراسات إدارية معاصرة
260 ## - PUBLICATION, DISTRIBUTION, ETC.
Place of publication, distribution, etc. عمان
Name of publisher, distributor, etc. دار المسيرة للنشر والتوزيع و الطباعة
Date of publication, distribution, etc. 2010
300 ## - PHYSICAL DESCRIPTION
Extent 432 ص.
Dimensions 24 سم.
653 ## - INDEX TERM--UNCONTROLLED
Uncontrolled term إدارة
653 ## - INDEX TERM--UNCONTROLLED
Uncontrolled term ادارة
942 ## - ADDED ENTRY ELEMENTS (KOHA)
Koha item type كتب
المقتنيات
Withdrawn status Lost status Source of classification or shelving scheme Damaged status Not for loan Home library Current library Date acquired Inventory number Total checkouts Full call number Barcode Date last seen Copy number Price effective from Koha item type
    Dewey Decimal Classification   NOT LOAN / إعارة داخلية مكتبة معهد التربية البدنية و الرياضية مكتبة معهد التربية البدنية و الرياضية 23/02/2025 invar8994   658 ا ب د / 1 invar8994 23/02/2025 ل ع م 2833 / 1 23/02/2025 كتب
    Dewey Decimal Classification   Available مكتبة معهد التربية البدنية و الرياضية مكتبة معهد التربية البدنية و الرياضية 23/02/2025 invar8995   658 ا ب د / 2 invar8995 23/02/2025 ل ع م 2833 / 2 23/02/2025 كتب
    Dewey Decimal Classification   Available مكتبة معهد التربية البدنية و الرياضية مكتبة معهد التربية البدنية و الرياضية 23/02/2025 invar8996   658 ا ب د / 3 invar8996 23/02/2025 ل ع م 2833 / 3 23/02/2025 كتب

موارد الويب المفتوحة


© University of Algiers 3 All Rights Reserved
|
Implemented by LECHELAH Riad